| 000 | 01045cad a22002055a 4500 | ||
|---|---|---|---|
| 001 | L155017 | ||
| 008 | 120220s2012 xxk f 000 0 eng d | ||
| 035 | _a(Sirsi) u155017 | ||
| 041 | 0 | _aeng | |
| 110 | 2 |
_aConsumer Focus _95920 |
|
| 245 | 0 | 0 |
_aConsumer Focus response to Green Deal energy company obligation consultation _h[electronic resource] |
| 260 |
_aLondon _bConsumer Focus _c2012 |
||
| 520 | _aDetailed response to the Energy Company Obligation (ECO) consultation. Comments that the proposals are not adequate for tackling fuel poverty or meeting carbon targets. Recommends a complementary national programme that provides adequate resources for meeting its statutory fuel poverty and carbon targets. | ||
| 590 | _aKA | ||
| 651 | 4 |
_aUnited Kingdom _y |
|
| 690 |
_aEnergy _96237 |
||
| 690 |
_aSustainability _96271 |
||
| 856 | 4 | 0 |
_uhttps://www.consumerfocus.org.uk/files/2009/06/Consumer-Focus-response-to-Green-Deal-Energy-Company-Obligation-consultation.pdf _zView the response free of charge at www.consumerfocus.org.uk |
| 942 | _n0 | ||
| 999 |
_c113288 _d113288 |
||